00548nam a2200193Ia 4500003000900000008004100009040001600050080001200066100001500078245012000093260003300213300001000246500002600256650000900282650001100291650001900302650001200321700002100333IN-BaIIA211028s9999 xx 000 0 eng d cIIA Library a53bLAN aLandav, L. 0aPhysics for everyonebmotion, heatcL. Landav and A. Kitagorodsky  aMoscowbMIR Publishersc1978 a478p. aDonated by Mrs. Bappu aHeat aMotion aNASA Thesaurus aPhysics aKitagorodsky, A.